Entry Personal Name
Number of records used in: 4
001 - CONTROL NUMBER
003 - CONTROL NUMBER IDENTIFIER
005 - DATE AND TIME OF LATEST TRANSACTION
- control field:
20250929142857.0
008 - FIXED-LENGTH DATA ELEMENTS
- fixed length control field:
250929|| aca||aabn | a|a d
040 ## - CATALOGING SOURCE
- Original cataloging agency:
JRU
- Transcribing agency:
JRU
100 ## - HEADING--PERSONAL NAME
- Personal name:
CHATURVEDI, SATYADEV
670 ## - SOURCE DATA FOUND
- Source citation:
Work cat.: (JRU)8844: CHATURVEDI, SATYADEV, HINDI SHAHITYA KE SUTRADHAAR, 2024